000 00685nam a22002057a 4500
003 BDDh-ASL
005 20231015031238.0
008 220427s2012 b ||||| |||| 00| 0 b d
040 _cBDDh-ASL
041 _abengali
082 _a910
_bASB
100 1 _aআসাদ, মুহাম্মদ
_95631
245 1 0 _aভারত সফরের স্মৃতি /
246 _aBharat Safarer Smriti
260 _aঢাকা:
_bপূর্ণিমা বাসর,
_c২০১২।
300 _a৬৪ পৃষ্ঠা;
_c২২ সে.মি.
_bছবি;
650 0 _96149
_aTrabel (ভ্রমণ)
651 0 _aভারত (India)
_94438
942 _2ddc
_cBK
999 _c31219
_d31219